01980nam a2200241Ia 4500001000600000003000900006008004100015040001300056040001300069041001300082100002100095100002900116245008400145245008400229250001100313260002000324260002100344260004900365300005700414500121400471650002201685650003101707G9949IT-RoPAU130308s9999 xx 000 0 und d aIT-RoPAU cIT-RoPAU aFRANCESE aSiracusa Jacques gCodice Aut. SPICS: 56226 aJt (Le), machine a decrire. Sociologie du travail des reporters a la television bJt (Le), Machine a Decrire. Sociologie Du Travail des reporters a la Television a1a ed. aPARIS/BRUXELLES bDe Boeck/Larcier c2001 [1° Ed.:2001 - Ed.Ling.Originale:2001] a"300 p. (prefazione: no ; testo: 300 [pagine: 0-0])" a"Telegiornale (Jt): Sociologia del Lavoro dei reporters Televisivi. si Tenta Qui di Descrivere l'organizzazione dei Restroscena, la Sua Evoluzione e la Sua Influenza Sul Contenuto visibile del Reportage. rassegna Stampa, documentazione e Videoteca: Segnalazione e Riciclaggio. conferenza di Redazione: Definizione collettiva dei Comandi; carriera Burocratica dei redattori Dalla redazione All'Edizione. preparazione dei Reportages: Ricerca e Accesso Alle Fonti; Strumenti di Comunicazione a doppio Scatto. Cameramen (Jri): Dall'Autonomia Tecnica Alla Separazione Professionale; Trasformazione del Mestiere di Cameraman di Attualita'; Formazione e carriere nelle Redazioni Nazionali. Riprese: Attese dell'Ufficio e Azione Sul Campo. Angolazione e Dispositivo di Ripresa: Intermediari di Conoscenza. Allegoria Come Retorica Giornalistica. riprese Organizzate Dalla Fonte: collaborazione Interprofessionale; Spettacolo e reportages Politici. Organizzazione del Montaggio: montaggio Audiovisivo e di Attualità. montaggio e Smontaggio della Ripresa. Assemblaggio delle immagini e dei Suoni: Concezione Giornalistica del Montaggio; Trattamento delle immagini Mute e Sonore; Stile dell'Assemblaggio. Bibliografia." aGENERI TELEVISIVI eCodice materia Spics: 6960